Personajes de la trilogía original de Star Wars por imagen - Estadísticas

Estadísticas generales
  • Esta prueba ha sido intentada 263 veces
  • La puntuación promedio es 12 de 20
Estadísticas de respuestas
Imagen Respuesta % Correcto
Princesa Leia
97%
Yoda
97%
Luke Skywalker
95%
R2-D2
95%
Darth Vader
92%
Han Solo
92%
C-3PO
89%
Chewbacca
78%
Obi-Wan Kenobi
77%
Emperador Palpatine
69%
Jabba el Hutt
62%
Boba Fett
61%
Lando Calrissian
54%
Wicket
48%
Tío Owen
28%
Almirante Ackbar
26%
Gran Moff Tarkin
23%
Greedo
23%
Tía Beru
18%
Wedge Antilles
11%
No se encontraron pruebas coincidentes
Distribución de puntuación
Porcentaje de gente con cada puntuación
Porcentaje por número respondido
Historial de tus puntuaciones
No has intentado esta prueba.